000 00566cam a2200169 4500
001 ABS61130
008 000000n1999 000 0 eng u
035 _a(Sirsi) u101695
100 _aMann, D.
245 _aEconomic progress puts Greece in the spotlight.
260 _c1999
490 _aEuroProperty
_vAugust 1999, 14-15(2)
520 _aGreece is enjoying international investment interest for the first time, due to Athens hosting the 2004 Olympic Games, and European economic convergence.
650 _aGREECE
690 _aOVERSEAS-EUROPE
942 _n0
999 _c60820
_d60820